000 00693nam a2200289Ia 4500
005 20260324111700.0
008 008 260324s9999 xx 000 0 eng d
020 _a9781003336037
037 _aEBOOK
040 _aCRL
040 _beng
040 _cCRL
041 _2eng
041 _aeng
084 _qCRL
100 _aDavid Davies
_91119282
245 4 _aThe Regulation of Gender Stereotypes in Advertising
245 0 _bLaw and Policy in Europe
260 _bTaylor and Francis
260 _c2025
365 _a
365 _b230
856 _uhttp://www.taylorfrancis.com/books/9781003336037
942 _cEBOOK
999 _c1728478
_d1728478